000 00824nmm a2200265 a 4500
001 ocm0001256834
003 TR-IsHL
005 20201028160507.0
008 150709s2015 tu tur
007 cr cn
020 _a9786055904241
035 _a1256834
_b(N$T)
050 0 4 _aPL248.U43
_bU2 2015
090 0 4 _aPL248.U43
_bU2 2015
100 1 _aUlay, Faruk
245 1 0 _aÜç parça toprak
_h[electronic resource] /
_cFaruk Ulay
260 _aİstanbul :
_bNotos Kitap Yayınevi,
_c2015
300 _a115 p.
650 4 _aDil ve Edebiyat
650 4 _aLanguage and Literature
650 0 _aTürk denemeleri
650 0 _aTurkish essays
650 7 _aLITERARY COLLECTIONS / Middle Eastern
_2bisacsh
856 4 0 _uhttp://search.ebscohost.com/login.aspx?direct=true&scope=site&db=e011xww&AN=1256834
999 _c13633
_d13633